Southville International School and Colleges
Your cart is empty.
  • Cart
  • Lists
    Public lists Eva Luna New books Lux_list list_1
    Your lists Log in to create your own lists
  • Log in to your account
  • Your cookies
  • Search history
Southville International School and Colleges
  • Advanced search
  • Recent comments
  • Most popular
  • Libraries

Log in to your account

Log in with GOOGLE


If you do not have an external account, but do have a local account, you can still log in:

  1. Home
  2. MARC view: Research design :
Normal view MARC view ISBD view

Research design : (Record no. 288907)

[ view plain ]
MARC details
000 -LEADER
fixed length control field 03522cam a22003977a 4500
001 - CONTROL NUMBER
control field 18014381
003 - CONTROL NUMBER IDENTIFIER
control field SISC
005 - DATE AND TIME OF LATEST TRANSACTION
control field 20160822091049.0
008 - FIXED-LENGTH DATA ELEMENTS--GENERAL INFORMATION
fixed length control field 140118s2013 enka b 001 0 eng d
010 ## - LIBRARY OF CONGRESS CONTROL NUMBER
LC control number 2013427602
015 ## - NATIONAL BIBLIOGRAPHY NUMBER
National bibliography number GBB2A9670
Source bnb
016 7# - NATIONAL BIBLIOGRAPHIC AGENCY CONTROL NUMBER
Record control number 016199659
Source Uk
020 ## - INTERNATIONAL STANDARD BOOK NUMBER
International Standard Book Number 9781446249017 (hbk.)
020 ## - INTERNATIONAL STANDARD BOOK NUMBER
International Standard Book Number 1446249018 (hbk.)
020 ## - INTERNATIONAL STANDARD BOOK NUMBER
International Standard Book Number 1446249026 (pbk.)
020 ## - INTERNATIONAL STANDARD BOOK NUMBER
International Standard Book Number 9781446249024 (pbk.)
035 ## - SYSTEM CONTROL NUMBER
System control number (OCoLC)ocn816163718
040 ## - CATALOGING SOURCE
Original cataloging agency UKMGB
Language of cataloging eng
Transcribing agency UKMGB
Modifying agency OCLCO
-- YDXCP
-- BWK
-- YNK
-- UAB
-- LGG
-- MUU
-- DLC
042 ## - AUTHENTICATION CODE
Authentication code lccopycat
050 00 - LIBRARY OF CONGRESS CALL NUMBER
Classification number H 62
Item number .G639 2013
082 04 - DEWEY DECIMAL CLASSIFICATION NUMBER
Classification number 300.72
100 1# - MAIN ENTRY--PERSONAL NAME
Personal name Gorard, Stephen.
245 10 - TITLE STATEMENT
Title Research design :
Remainder of title creating robust approaches for the social sciences /
Statement of responsibility, etc Stephen Gorard.
260 ## - PUBLICATION, DISTRIBUTION, ETC. (IMPRINT)
Place of publication, distribution, etc London ;
-- Thousand Oaks, Calif. :
Name of publisher, distributor, etc SAGE,
Date of publication, distribution, etc 2013.
300 ## - PHYSICAL DESCRIPTION
Extent xiv, 218 pages :
Other physical details illustrations ;
Dimensions 25 cm.
500 ## - GENERAL NOTE
General note Includes bibliographical references and index.
505 0# - FORMATTED CONTENTS NOTE
Formatted contents note Part 1: Introduction. 'Design as distinct from methods. What Is Research Design? ; Introducing Designs in the Cycle of Research. -- Part 2: The preliminaries of research design. Identifying Researchable Questions ; Warranting Research Claims ; The Nature of Causal Claims. -- Part 3: Putting it all together. Identifying the Sample or Cases ; Comparing for Comparative Claims ; Matters of Timing and Sequence ; Evaluating Controlled Interventions. -- Part 4: More advanced considerations. Further Designs for Evaluation ; Challenges for Validity ; How Big Is a Difference? ; A Second Principle of Ethics. -- Part: Conclusion. Revisiting the Need for Robust Design.
520 ## - SUMMARY, ETC.
Summary, etc "Research design is of critical importance in social research, despite its relative neglect in many methods resources. Early consideration of design in relation to research questions leads to the elimination or diminution of threats to eventual research claims, by encouraging internal validity and substantially reducing the number of alternative explanations for any finite number of research 'observations'. This new book: discusses the nature of design; gives an introduction to design notation; offers a flexible approach to new designs; looks at a range of standard design models; and presents craft tips for real-life problems and compromises. Most importantly, it provides the rationale for preferring one design over another within any given context. Each section is illustrated with case studies of real work and concludes with suggested readings and topics for discussion in seminars and workshops, making it an ideal textbook for postgraduate research methods courses. Based on the author's teaching on the ESRC Doctoral Training Centre "Masters in Research Methods" at the University of Birmingham, and his ongoing work for the ESRC Researcher Development Initiative, this is an essential text for postgraduate researchers and academics. There is no book like Research Design on the market that addresses all of these issues in an easy to comprehend style, for those who want to design research and make critical judgements about the designs of others."--Publisher's website.
650 #0 - SUBJECT ADDED ENTRY--TOPICAL TERM
Topical term or geographic name as entry element Social sciences
General subdivision Research
-- Design.
650 #0 - SUBJECT ADDED ENTRY--TOPICAL TERM
Topical term or geographic name as entry element Social sciences
General subdivision Research
-- Design
Form subdivision Case studies.
650 #0 - SUBJECT ADDED ENTRY--TOPICAL TERM
Topical term or geographic name as entry element Social sciences
General subdivision Research
-- Methodology.
650 #0 - SUBJECT ADDED ENTRY--TOPICAL TERM
Topical term or geographic name as entry element Social sciences
General subdivision Research
-- Methodology
Form subdivision Case studies.
906 ## - LOCAL DATA ELEMENT F, LDF (RLIN)
a 7
b cbc
c copycat
d 2
e ncip
f 20
g y-gencatlg
942 ## - ADDED ENTRY ELEMENTS (KOHA)
Source of classification or shelving scheme Library of Congress Classification
Koha item type Books
Call number prefix Foreign
Holdings
Withdrawn status Lost status Source of classification or shelving scheme Damaged status Home library Current library Shelving location Date acquired Source of acquisition Cost, normal purchase price Sub Shelving location Total Checkouts Full call number Barcode Date last seen Price effective from Koha item type
    Library of Congress Classification   College Library College Library Reserve Section 11/05/2015 Library Fund 3633.00     H 62 .G639 2013 C20236 05/15/2018 11/05/2015 Books

Research design :

APA

Gorard S., . (2013). Research design. London: SAGE.

Chicago

Gorard Stephen, . 2013. Research design. London: SAGE.

Harvard

Gorard S., . (2013). Research design. London: SAGE.

MLA

Gorard Stephen, . Research design. London: SAGE. 2013.

  • Place hold
  • Print
  • Cite
  • Add to your cart (remove)
  • Save record
    BIBTEX Dublin Core MARCXML MARC (non-Unicode/MARC-8) MARC (Unicode/UTF-8) MARC (Unicode/UTF-8, Standard) MODS (XML) RIS
  • More searches
    Search for this title in:
    Other Libraries (WorldCat) Other Databases (Google Scholar) Online Stores (Bookfinder.com) Open Library (openlibrary.org)

Exporting to Dublin Core...

SOUTHVILLE LIBRARY

Southville International School and Colleges Library

1281 Tropical Ave. Cor. Luxembourg St., BF Homes International, Las Pinas City

Tel. No. 8256374 / 252358 Loc. 117/146

Powered by Koha